Hail suppression : society and environment : selected contributions to the technology assessment of hail suppression /

Bibliographic Details
Other Authors: Cox, Steven, Farhar-Pilgrim, Barbara
Format: Book
Language:English
Published: [Boulder] : Institute of Behavioral Science, University of Colorado, 1977.
Series:Program on technology, environment, and man ; monograph no. 24.
Subjects:

MARC

Tag First Indicator Second Indicator Subfields
LEADER 00000cam a2200000 a 4500
001 in00000082457
005 20151008061205.0
008 781113s1977 coub b s00000 eng d
010 |a  77084311  
035 |a (OCoLC)04365807 
040 |a YUS  |c YUS  |d OCL  |d m.c.  |d OCL  |d TXA  |d UtOrBLW 
043 |a n-us--- 
049 |a TXAM  |c [1655543] 
090 |a QC928.72.U53  |b H35 
245 0 0 |a Hail suppression :  |b society and environment : selected contributions to the technology assessment of hail suppression /  |c Steven Cox [and others] ; Barbara C. Farhar, editor. 
264 1 |a [Boulder] :  |b Institute of Behavioral Science, University of Colorado,  |c 1977. 
300 |a ix, 293 :  |b maps ;  |c 23 cm. 
336 |a text  |b txt  |2 rdacontent 
337 |a unmediated  |b n  |2 rdamedia 
338 |a volume  |b nc  |2 rdacarrier 
490 1 |a Program on technology, environment, and man ;  |v monograph no. 24 
504 |a Includes bibliographical references. 
536 |a From the library of the Hazard Reduction and Recovery Center (HRRC). 
650 0 |a Hail control  |z United States. 
650 0 |a Hail control  |x Social aspects  |z United States. 
650 0 |a Hail control  |x Law and legislation  |z United States. 
650 0 |a Technology assessment  |z United States. 
700 1 |a Cox, Steven. 
700 1 |a Farhar-Pilgrim, Barbara. 
830 0 |a Program on technology, environment, and man ;  |v monograph no. 24. 
999 |a MARS 
999 f f |s 9b95bb3f-87c3-37c4-9331-f5638e8f94d7  |i 87aa4269-3ce0-310a-b094-583fc746535c  |t 0 
952 f f |p ric  |a Texas A&M University  |b Rellis Campus  |c Joint Library Facility  |s JLF  |d Remote Storage  |t 0  |e QC928.72.U53 H35  |h Library of Congress classification  |i unmediated -- volume  |m A14829402713 
998 f f |a QC928.72.U53 H35  |t 0  |l Remote Storage